Roblox Nullscape: Enemies/Threats - Statistics

General Stats
  • This quiz has been taken 34 times
  • The average score is 20 of 26
Answer Stats
Selection Cap: Name of Enemy/Threat: % Correct
N/A ???
100%
2 Baby
100%
N/A Void
96%
2 Husk
91%
1 Mart
91%
1 Operator
91%
2 Telefragger
91%
2 Voidbound Baby
91%
1 Bell
87%
2 Springer
87%
1 Guardian
83%
2 ICBM
83%
1 Voidbound Guardian
83%
2 Flesh
78%
2 Kolóna
78%
1 NIL
78%
2 Voidbreaker
78%
1 Cadence
70%
1 Scrapmaw
70%
N/A Razorbloom
65%
N/A Oblivion
61%
N/A Celestial
52%
N/A Tripmines
52%
N/A Sea Mines
48%
N/A Void Implosions
48%
1 Ponderer
39%
No matching quizzes found
Score Distribution
Percent of People with Each Score
Percentile by Number Answered
Your Score History
You have not taken this quiz